000 00959nas a2200325 4500
001 BR2010005118
003 BR-BrBNA
005 20231205114735.0
007 ta
008 230509b bl.|||p| |||| 00| 00por d
040 _aBR-BrBNA
_bpor
_cBiblioteca Nacional de Agricultura
041 _a(En)
072 _aF01; F30
100 1 _aSouza, I. de
100 1 _aPereira, M.C.T.
100 1 _aRibeiro, R.C.F.
100 1 _aNietsche, S.
100 1 _aMaia, V.M.
100 1 _aLemos, J.P.
245 1 _aPlantio irrigado de bananeiras resistentes à sigatoka-negra consorciado com culturas anuais
650 _aPLANTIO
650 _aIRRIGAÇÃO
650 _aBANANA
650 _aVARIEDADE RESISTENTE
650 _aSIGATOKA NEGRA
650 _aFUNGO
773 0 _tRevista Brasileira de Fruticultura (Brazil)
_xISSN 0100-2945
_g(Mar 2010), v. 32(1) p. 172-180
_wBR2010005118
909 _a202311
_bLúcia
_c55
_dLúcia Elande
942 _2AGRIS
_n0
_cANA
999 _c210242
_d210242